| 000 | 00456cam a2200193ua 4500 | ||
|---|---|---|---|
| 001 | 5460 | ||
| 008 | 150210n ii |||gr||||Z||||||eng | ||
| 020 | _a0-14-333541-3 | ||
| 040 | _cMAIN | ||
| 041 | _aeng | ||
| 082 | _a823 | ||
| 100 |
_aNarayan, R. K., _eAuthor, |
||
| 245 |
_aMalgudi schooldays _cby R. K. Narayan |
||
| 250 | _a1st. | ||
| 260 |
_aNew Delhi: _bPuffin books, _c2002. |
||
| 300 |
_a263p: _c15cm. |
||
| 653 | _aEnglish fiction | ||
| 942 | _cBK | ||
| 999 |
_c4640 _d4640 |
||